U.S. Military Alphabet Quiz Stats

 Plays Quiz not verified by Sporcle

Challenge
Share
Tweet
Embed
Score 0/26 Timer 03:00
0 Plays Today
Hint Answer % Correct
aalpha
99.3%
ddelta
87.5%
ffoxtrot
86.8%
ccharlie
85.3%
eecho
80.1%
ttango
78.7%
xx-ray
75%
llima
72.8%
iindia
70.6%
wwhiskey
70.6%
zzulu
70.6%
jjuliet
69.9%
kkilo
69.9%
Hint Answer % Correct
hhotel
69.1%
rromeo
69.1%
bbeta
67.6%
mmike
67.6%
ggolf
66.2%
nnovember
66.2%
ooscar
65.4%
qquebec
60.3%
vvictor
58.8%
ssierra
58.1%
yyankee
56.6%
uuniform
55.9%
ppapa
54.4%

You're not logged in!

Compare scores with friends on all Sporcle quizzes.
OR
Log In

You Might Also Like...

Show Comments

Extras

Top Quizzes Today


Score Distribution

Your Account Isn't Verified!

In order to create a playlist on Sporcle, you need to verify the email address you used during registration. Go to your Sporcle Settings to finish the process.

Report this User

Report this user for behavior that violates our Community Guidelines.

Details: